Yu-Gi-Oh! Archetypes by Picture - F - Statistics

General Stats
  • This quiz has been taken 49 times
    46 since last reset
  • The average score is 11 of 15
Answer Stats
Picture Answer % Correct
Frog
94%
F.A.
89%
Fluffal
89%
Fire Fist
80%
Fortune Fairy
77%
Frightfur
77%
Fortune Lady
74%
Fishborg
71%
Floowandereeze
71%
Forbidden
69%
Fire King
66%
Flamvell
66%
Fabled
63%
Fur Hire
63%
Fossil
60%
No matching quizzes found
Score Distribution
Percent of People with Each Score
Percentile by Number Answered
Your Score History
You have not taken this quiz since the last reset